000 00444nam a2200169Ia 4500
003 GCL
008 140319s9999 xx 000 0 eng d
040 _aGCL /
_cGCL
082 0 4 _a070.19
_bW B
100 1 _aWHITE, TED
245 1 0 _aBROADCAST NEWS: WRITING REPORTING AND PRODUCING /
_cWHITE, TED
260 _a[S.N] :
_bFOCAL PRESS ،
_c1996
300 _a408 P
650 0 4 _aJOURNALISM
650 0 4 _aBROADCAST JOURNALISM
942 _2ddc
_cBK
999 _c13664
_d13664